00987nam a2200229 a 450000100100000000500170001000800410002702000150006804000250008308200210010810000260012924501390015526000470029430000210034150000570036250400730041950400320049265000610052465100640058565100620064970000460071100002233820240315194914.0100930s19uu dr a 000 0 spa d a9993422649 aDO-SdBNPbspacBNPHU a330.97293bP349e1 aPeña, Victor Manuel10aEconomía política dominicana :bla expansión sostenida 1996-2000 /cVíctor Manuel Peña ; editor Juan Temístocles Montás. aSanto Domingo :bEl Nuevo Diario,c[19--]. a230 p. ;c22 cm. aIncluye datos biográficos del autor en las solapas aIncluye referencias bibliográficas y notas al pie de las páginas aBibliografía : p. 227-230 4aEconomía políticazRepública Dominicanay1996-2000 4aRepública DominicanaxCondiciones Económicasy1996-2000 4aRepública DominicanaxPolítica Económicay1996-200012aMontás, Juan Temístocles d1950-eed.